| 000 | 00803cab a22002295a 4500 | ||
|---|---|---|---|
| 001 | L153037 | ||
| 008 | 110525e20110514xxk 000 0 eng d | ||
| 035 | _a(Sirsi) u153037 | ||
| 041 | 0 | _aeng | |
| 100 | 1 | _aThame, David | |
| 245 | 0 | 0 |
_aFocus _bHampshire and Dorset |
| 260 | _c2011 | ||
| 490 |
_aEstates Gazette _v(1119) 14 May 2011, 79-87(7) |
||
| 520 | _aIncludes information about Southampton's latest development projects where Dawn Baxendale is keen to avoid past mistakes of other regeneration projects. Also features developments in the property market in the Portsmouth area. | ||
| 590 | _aKA | ||
| 651 | 4 | _aHampshire | |
| 651 | 4 | _aDorset | |
| 690 | _aPROPERTY-COMMERCIAL PROPERTY-COMMERCIAL PROPERTY MARKET | ||
| 700 | 1 | _aMorrison, Adrian | |
| 700 | 1 | _aMeadwell, Stacey | |
| 942 | _n0 | ||
| 999 |
_c83165 _d83165 |
||